000 00627nam a2200217 a 4500
005 20240910064146.0
008 090507s2004 mx r 000 0 spa d
020 _a9501225771
035 _aUPN01000170318
049 _aCG
050 4 _aHM1106
_bC9.2
100 1 _aCzernikowski, Esther Victoria
245 1 3 _aEl amor entre el humor y el dolor /
_cEsther Victoria Czernikowski.
260 _aBuenos Aires :
_bPaidós,
_c2004.
300 _a192 p.
440 0 _aDivulgación/Autoayuda
650 4 _aRelaciones interpersonales
_91551
650 0 _aRelación hombre-mujer
_91566
650 4 _aAmor
_94320
905 _aLibro
999 _c142423
_d142423